[Event "Stari Banovci Vidovdan op"]
[Site "Stari Banovci"]
[Date "2017.07.01"]
[Round "5"]
[White "Ivkovic, Dragan B"]
[Black "Grcic, Vukasin"]
[Result "1/2-1/2"]
[WhiteElo "2039"]
[BlackElo "2225"]
[PlyCount "40"]
[EventDate "2017.06.28"]
[EventType "swiss"]
[EventRounds "9"]
[EventCountry "SRB"]
[SourceTitle "EXT 2018"]
[Source "ChessBase"]
[SourceDate "2017.10.13"]
[SourceVersion "1"]
[SourceVersionDate "2017.10.13"]
[SourceQuality "1"]

1. e4 c5 2. Nc3 Nc6 3. f4 g6 4. Nf3 Bg7 5. Bb5 Nd4 6. Bc4 d6 7. 0-0 Nf6 8. h3 0-0 9. d3 Rb8 10. a4 a6 11. Nxd4 cxd4 12. Nd5 Nd7 13. f5 Nb6 14. Nxb6 Qxb6 15. Bg5 Qd8 16. Qf3 Kh8 17. f6 exf6 18. Bxf6 Qc7 19. Bxg7+ Kxg7 20. Qf6+ Kg8 1/2-1/2

[Event "Stari Banovci Vidovdan op"]
[Site "Stari Banovci"]
[Date "2017.06.29"]
[Round "2"]
[White "Azaric, Slavko"]
[Black "Ivkovic, Dragan B"]
[Result "1-0"]
[WhiteElo "2271"]
[BlackElo "2039"]
[PlyCount "85"]
[EventDate "2017.06.28"]
[EventType "swiss"]
[EventRounds "9"]
[EventCountry "SRB"]
[SourceTitle "EXT 2018"]
[Source "ChessBase"]
[SourceDate "2017.10.13"]
[SourceVersion "1"]
[SourceVersionDate "2017.10.13"]
[SourceQuality "1"]

1. e4 d6 2. d4 Nf6 3. Nc3 g6 4. Be3 Bg7 5. Qd2 0-0 6. Bh6 c6 7. f3 b5 8. h4 a6 9. h5 e5 10. Bxg7 Kxg7 11. hxg6 fxg6 12. Qh6+ Kg8 13. 0-0-0 Qe7 14. d5 c5 15. g3 Nh5 16. Nce2 Ra7 17. Qe3 Nd7 18. Bh3 Nb6 19. Bxc8 Rxc8 20. Nh3 Nc4 21. Qf2 Rf8 22. b3 Nb6 23. Qe3 b4 24. Ng5 Qf6 25. Rdf1 a5 26. Ne6 Rc8 27. g4 Ng7 28. Ng5 Ne8 29. f4 a4 30. Kd2 axb3 31. axb3 exf4 32. Rxf4 Qe5 33. Rhf1 Nd7 34. Nf7 Qg7 35. g5 Nc7 36. Nxd6 Rd8 37. Rf7 Qe5 38. Nc4 Qe8 39. Qh3 h5 40. Nd6 Qe5 41. Rxd7 Qxg5+ 42. Kd3 Rf8 43. Rxf8+ 1-0

[Event "Gligoric Cup 4th"]
[Site "Novi Banovci"]
[Date "2017.05.25"]
[Round "1.9"]
[White "Srdjanov, Stevan"]
[Black "Ivkovic, Dragan B"]
[Result "1-0"]
[WhiteElo "2113"]
[BlackElo "2039"]
[PlyCount "71"]
[EventDate "2017.05.25"]
[EventType "team-swiss"]
[EventRounds "5"]
[EventCountry "SRB"]
[SourceTitle "CBM 178 Extra"]
[Source "ChessBase"]
[SourceDate "2017.06.22"]
[SourceVersion "1"]
[SourceVersionDate "2017.06.22"]
[SourceQuality "1"]
[WhiteTeam "Srbobran"]
[BlackTeam "Vojka Sremac"]
[WhiteTeamCountry "SRB"]
[BlackTeamCountry "SRB"]

1. Nf3 d6 2. c4 g6 3. Nc3 Bg7 4. g3 Nf6 5. Bg2 0-0 6. 0-0 c6 7. e4 Bg4 8. h3 Bxf3 9. Bxf3 e5 10. d3 Nbd7 11. Be3 h6 12. b4 Qe7 13. Rb1 Ne8 14. Qd2 Kh7 15. Bg2 Nc7 16. Ne2 Ne6 17. d4 Nb6 18. Rfc1 exd4 19. Nxd4 Nxd4 20. Bxd4 Bxd4 21. Qxd4 c5 22. Qd2 f5 23. exf5 Rxf5 24. Bd5 Re5 25. Re1 Re8 26. Rxe5 Qxe5 27. bxc5 dxc5 28. Bxb7 Nxc4 29. Qc1 Nb6 30. Qa3 Nc4 31. Qxa7 Re7 32. Qa8 Qf5 33. Rc1 Re2 34. Bf3 Rc2 35. Qb7+ Kh8 36. Re1 1-0